000 00633nam a2200193Ia 4500
003 GCL
008 140319s9999 xx 000 0 ara d
040 _aGCL /
_cGCL
082 0 4 _a321.4
_bد ث
100 1 _aسمية فلو عبود(مترجم)
245 1 0 _aالثورة الديمقراطية : النضال من اجل الحرية والتعددية فى العالم النامى /
_cسمية فلو عبود(مترجم)
700 1 _aدايموند، لارى
300 _a229 ص
490 _a
650 0 4 _aالدول النامية
650 0 4 _aالديمقراطية
650 0 4 _aالحرية
942 _2ddc
_cBK
999 _c47782
_d47782